| 000 | 01160nam a2200313 a 4500 | ||
|---|---|---|---|
| 003 | BLK | ||
| 005 | 20231108111555.0 | ||
| 007 | ta | ||
| 008 | 180411b bul|||||r ||||||| ||bul|| | ||
| 040 | _aBLK | ||
| 041 |
_aBUL _cBUL |
||
| 080 |
_aБългарска литература _b821.163.2 _x-053.5-8 _z821.163.2-053.5-8 |
||
| 084 | _aЛ 69 | ||
| 245 | 1 | 0 |
_aЛитературен сборник _cсъстав. Румен Горанов и др. |
| 257 | _aBGR | ||
| 260 |
_aРусе _bМатематическа гимназия _c2018 _fРусе : Лени-Ан _9213986 |
||
| 300 |
_a68 с. _bс ил. _c21 см |
||
| 380 | _aX | ||
| 500 | _aИзд. на Мат. гимназия Баба Тонка - Русе. | ||
| 700 |
_aГоранов, Румен Иванов _9488467 |
||
| 710 | 1 |
_aМатематическа гимназия Баба Тонка - Русе _92433 |
|
| 852 |
_aЦб 275348 _bЦб |
||
| 852 |
_bК _cК 821.163.2/Л 69 |
||
| 856 | 4 |
_qpdf _i0.00 _ldisable |
|
| 856 | 4 |
_qpdf _i0.00 _ldisable |
|
| 942 |
_cKNG _n0 _s1 |
||
| 944 |
_cКети Илиева _k30550 _a30550 _lКети Илиева |
||
| 999 |
_c497746 _d497746 |
||